El cocodrilo de Aristóteles
Guardat en:
| Autor principal: | |
|---|---|
| Format: | Desconegut |
| Publicat: |
Barcelona, España:
Paidós Contextos,
2022.
|
| Edició: | 1.ª edición. |
| Matèries: | |
| Etiquetes: |
Afegir etiqueta
Sense etiquetes, Sigues el primer a etiquetar aquest registre!
|
MARC
| LEADER | 00000 a2200000 4500 | ||
|---|---|---|---|
| 003 | CL-VaPUC | ||
| 005 | 20230802150238.0 | ||
| 008 | 230418t2022 ||||| |||| 00| 0 eng d | ||
| 999 | |c 440396 |d 440394 | ||
| 020 | |a 9788449339196 | ||
| 040 | |c Pontificia Universidad Católica de Valparaíso | ||
| 082 | |2 22 |a 750.11 ONF 2022 | ||
| 100 | |a Onfray, Michel |e autor |9 881086 | ||
| 245 | 1 | 3 | |a El cocodrilo de Aristóteles |
| 250 | |a 1.ª edición. | ||
| 260 | |a Barcelona, España: |b Paidós Contextos, |c 2022. | ||
| 300 | |a 239 páginas; |b ilustraciones. | ||
| 583 | |k Catalogador Asistente |c 20230418 | ||
| 650 | 0 | |9 265046 |a Pintura |v Análisis filosófico | |
| 650 | 0 | |9 265046 |a Pintura |v Crítica e interpretación filosófica |x Animales y objetos | |
| 650 | 0 | |9 223554 |a Filosofía |x Historia |x Aspectos artísticos | |
| 942 | |2 ddc |c BK | ||
| 952 | |0 0 |1 0 |2 ddc |4 0 |6 750_110000000000000_ONF_2022 |7 0 |8 A |9 589664 |a BIBART |b BIBART |c GEN |d 2023-04-14 |e 159 |g 26900.00 |i 5657172 |o 750.11 ONF 2022 |p 5657172 |r 2025-03-13 |t 1 |v 26900.00 |w 2023-04-14 |y BK |k ART | ||